[Event "Magyar Rapid Bajnokság"]
[Site "Ajka"]
[Date "2019.07.20"]
[Round "9.1"]
[White "Balog, Imre"]
[Black "Almasi, Zoltan"]
[Result "1/2-1/2"]
[WhiteElo "2620"]
[BlackElo "2668"]
[PlyCount "109"]
[EventDate "2019.07.19"]
[EventType "swiss"]
[EventRounds "13"]
[EventCountry "HUN"]

1. d4 Nf6 2. Bg5 d5 3. Nf3 c6 4. e3 Bg4 5. Be2 Nbd7 6. O-O e6 7. c4 Be7 8. Nc3
O-O 9. Qb3 Qb6 10. h3 Bh5 11. c5 Qxb3 12. axb3 Bxf3 13. Bxf3 e5 14. b4 a6 15.
Rfd1 Rfe8 16. Kf1 exd4 17. exd4 Nf8 18. Be3 Ne6 19. Ne2 Rac8 20. Nc1 Bd8 21.
Nb3 Bc7 22. g3 g6 23. Rd2 Ng7 24. Re2 Nf5 25. Rae1 Nxe3+ 26. Rxe3 Kf8 27. Bg4
Rcd8 28. Nd2 h5 29. Rxe8+ Nxe8 30. Bd1 Ng7 31. Bc2 a5 32. Ra1 axb4 33. Ra4 Rb8
34. Nb3 Ne6 35. Ke2 b6 36. cxb6 Rxb6 37. Kd3 Bd6 38. Bd1 c5 39. Ra8+ Kg7 40.
dxc5 Nxc5+ 41. Ke2 Ne4 42. Bc2 Be5 43. Bxe4 dxe4 44. Ra2 Rc6 45. Ke3 f5 46. Ra4
Rb6 47. Nd2 Rb7 48. Nc4 Bf6 49. g4 Bg5+ 50. Ke2 hxg4 51. hxg4 Bf4 52. gxf5 gxf5
53. Ne3 Kg6 54. Nd5 Be5 55. Rxb4 1/2-1/2

[Event "Magyar Rapid Bajnokság"]
[Site "Ajka"]
[Date "2019.07.20"]
[Round "9.2"]
[White "Papp, Gabor"]
[Black "Gledura, Benjamin"]
[Result "1-0"]
[WhiteElo "2589"]
[BlackElo "2577"]
[PlyCount "105"]
[EventDate "2019.07.19"]
[EventType "swiss"]
[EventRounds "13"]
[EventCountry "HUN"]

1. e4 e5 2. Nf3 Nc6 3. Bb5 a6 4. Ba4 Nf6 5. O-O Be7 6. d3 b5 7. Bb3 O-O 8. Nc3
d6 9. a3 Be6 10. Nd5 Nd4 11. Nxd4 exd4 12. Nxf6+ Bxf6 13. Bxe6 fxe6 14. Qg4 Qd7
15. f4 c5 16. Bd2 c4 17. Rae1 Rac8 18. e5 dxe5 19. fxe5 Be7 20. Bh6 Bc5 21. h4
Kh8 22. Bg5 Qd5 23. h5 Rxf1+ 24. Rxf1 Rf8 25. Rxf8+ Bxf8 26. Qf4 Kg8 27. h6
gxh6 28. Bf6 Kf7 29. Qg4 Qc6 30. Kh2 c3 31. b4 Qd7 32. Qe4 Kg8 33. Qa8 Kf7 34.
Qe4 Kg8 35. Qg4+ Kf7 36. Qe4 Kg8 37. Kg1 Bg7 38. Qg4 h5 39. Qxh5 Bxf6 40. exf6
Kf8 41. Qh6+ Kg8 42. Kf2 Qb7 43. g4 Qd7 44. g5 e5 45. Kg3 e4 46. g6 hxg6 47.
Qxg6+ Kf8 48. Qxe4 Qd6+ 49. Qf4 Qe6 50. Qh6+ Ke8 51. Qh8+ Kd7 52. Qg7+ Kd6 53.
Qe7+ 1-0

[Event "Magyar Rapid Bajnokság"]
[Site "Ajka"]
[Date "2019.07.20"]
[Round "9.3"]
[White "Banusz, Tamas"]
[Black "Horvath, Adam"]
[Result "0-1"]
[WhiteElo "2620"]
[BlackElo "2476"]
[PlyCount "126"]
[EventDate "2019.07.19"]
[EventType "swiss"]
[EventRounds "13"]
[EventCountry "HUN"]

1. d4 Nf6 2. Nf3 e6 3. g3 b5 4. Bg2 Bb7 5. O-O d5 6. a4 b4 7. c4 bxc3 8. Nxc3
Be7 9. Qb3 Ba6 10. Re1 O-O 11. e4 Bc4 12. Qd1 Nxe4 13. Nxe4 dxe4 14. Ne5 Bd5
15. Bxe4 Bxe4 16. Rxe4 Qd5 17. Qc2 Nd7 18. Nc6 Rfe8 19. Bf4 Bd6 20. Bd2 Nf6 21.
Ree1 h5 22. h4 Qf3 23. Re3 Qd5 24. b4 Ng4 25. Re2 Nf6 26. Rc1 Qf3 27. Re3 Qg4
28. Qd1 Qh3 29. Qf1 Qg4 30. Qg2 Nd5 31. Re4 Qg6 32. Qf3 Nf6 33. Re2 Nd5 34. b5
a6 35. bxa6 Rxa6 36. a5 Rea8 37. Kg2 Ne7 38. Nxe7+ Bxe7 39. Re5 Bf6 40. Rxh5
Bxd4 41. Rxc7 e5 42. Rg5 Qe6 43. h5 R8a7 44. Rxa7 Rxa7 45. Qe4 Ra6 46. h6 g6
47. Rg4 Kh7 48. Rh4 Ra7 49. Rh1 f5 50. Qf3 e4 51. Qd1 Qc6 52. Qc1 Qd5 53. Be3
Bxe3 54. Qxe3 Rxa5 55. Rc1 Qb7 56. Kh2 Rd5 57. Qf4 Rd7 58. Rc5 Qb2 59. Re5 Qb7
60. Re6 Re7 61. Rf6 e3 62. fxe3 Qb2+ 63. Kh3 Qxf6 0-1

[Event "Magyar Rapid Bajnokság"]
[Site "Ajka"]
[Date "2019.07.20"]
[Round "9.6"]
[White "Aczel, Gergely"]
[Black "Czebe, Attila"]
[Result "1/2-1/2"]
[WhiteElo "2492"]
[BlackElo "2505"]
[PlyCount "149"]
[EventDate "2019.07.19"]
[EventType "swiss"]
[EventRounds "13"]
[EventCountry "HUN"]

1. d4 d6 2. e4 Nf6 3. f3 e5 4. dxe5 dxe5 5. Qxd8+ Kxd8 6. Bc4 Ke8 7. a4 a5 8.
Ne2 Bc5 9. Nd2 Ke7 10. b3 Ne8 11. Bb2 Nc6 12. O-O-O Nd6 13. Bd5 f6 14. Bxc6
bxc6 15. Nc3 Be6 16. Ncb1 h5 17. Ba3 Bxa3+ 18. Nxa3 h4 19. h3 g6 20. Rhe1 c5
21. Re3 Rh5 22. Rde1 Rg5 23. R1e2 c4 24. Naxc4 Nxc4 25. Nxc4 Bxc4 26. bxc4 Rb8
27. Rb3 Rxb3 28. cxb3 Kd6 29. Kd2 Kc5 30. Kc3 c6 31. Ra2 f5 32. exf5 gxf5 33.
Re2 e4 34. fxe4 Rg3+ 35. Kb2 fxe4 36. Rxe4 Kb4 37. c5+ Kxc5 38. Rg4 Re3 39.
Rxh4 Re2+ 40. Kc3 Rxg2 41. Rc4+ Kb6 42. Kd4 Rg3 43. Rc3 c5+ 44. Kc4 Rg1 45. Kd5
Rd1+ 46. Ke4 Kc6 47. Kf5 Rf1+ 48. Kg4 Rg1+ 49. Rg3 Rc1 50. Kg5 c4 51. bxc4 Ra1
52. h4 Rxa4 53. Rg4 Rb4 54. h5 Kc5 55. h6 a4 56. h7 Rb8 57. Kh6 a3 58. Rg8 Rb1
59. Ra8 Rh1+ 60. Kg7 Rg1+ 61. Kf6 Rf1+ 62. Kg6 Rg1+ 63. Kf5 Rh1 64. Kg6 Rg1+
65. Kf6 Rf1+ 66. Ke5 Re1+ 67. Kf4 Rh1 68. h8=Q Rxh8 69. Rxh8 Kxc4 70. Ke3 a2
71. Ra8 Kb3 72. Kd2 Kb2 73. Rb8+ Ka1 74. Ra8 Kb2 75. Rxa2+ 1/2-1/2

[Event "Magyar Rapid Bajnokság"]
[Site "Ajka"]
[Date "2019.07.20"]
[Round "9.11"]
[White "Varga, Peter"]
[Black "Emodi, Barnabas"]
[Result "0-1"]
[WhiteElo "2354"]
[BlackElo "2314"]
[PlyCount "144"]
[EventDate "2019.07.19"]
[EventType "swiss"]
[EventRounds "13"]
[EventCountry "HUN"]

1. Nf3 Nf6 2. g3 d5 3. Bg2 c6 4. O-O Bg4 5. d3 Nbd7 6. b3 e5 7. Bb2 Bd6 8. Nbd2
O-O 9. e4 a5 10. a3 Re8 11. h3 Bh5 12. Qe1 dxe4 13. dxe4 b5 14. Nh4 a4 15. b4
c5 16. Nf5 Bf8 17. bxc5 Nxc5 18. Qe3 Rc8 19. Rac1 Qd7 20. g4 Bg6 21. Rfd1 Qb7
22. Bc3 Ncd7 23. Bb4 Bxb4 24. axb4 Bxf5 25. exf5 e4 26. Qd4 Rcd8 27. Nb1 Qb8
28. Qd6 Qc8 29. Qg3 h6 30. Na3 e3 31. fxe3 Qc3 32. Nxb5 Qxb4 33. Nc7 Re5 34.
Qxe5 Nxe5 35. Rxd8+ Kh7 36. Nd5 Qa3 37. Nxf6+ gxf6 38. Re1 Qc3 39. Rdd1 a3 40.
Ra1 a2 41. Kf1 Nc4 42. Rxa2 Nxe3+ 43. Kf2 Nxg2 44. Re2 Nf4 45. Re3 Nxh3+ 46.
Kf3 Ng5+ 47. Kf2 Qd2+ 48. Re2 Qd4+ 49. Kf1 Nh3 50. Rh2 Qc4+ 51. Kg2 Nf4+ 52.
Kf3 Qxa2 53. Kxf4 Qa3 54. Re2 Qc3 55. Rf2 Kg7 56. Re2 Kf8 57. Rf2 Ke7 58. Re2+
Kd6 59. Rf2 Qd4+ 60. Kf3 Kd5 61. Re2 Qc3+ 62. Kg2 Kd6 63. Rf2 Ke5 64. Kh2 Ke4
65. Kg2 Qe3 66. Rf1 Qe2+ 67. Rf2 Qxg4+ 68. Kf1 h5 69. c4 Qd1+ 70. Kg2 Ke3 71.
c5 Qd5+ 72. Kg3 h4+ 0-1

[Event "Magyar Rapid Bajnokság"]
[Site "Ajka"]
[Date "2019.07.21"]
[Round "11.1"]
[White "Czebe, Attila"]
[Black "Almasi, Zoltan"]
[Result "1/2-1/2"]
[WhiteElo "2505"]
[BlackElo "2668"]
[PlyCount "54"]
[EventDate "2019.07.19"]
[EventType "swiss"]
[EventRounds "13"]
[EventCountry "HUN"]

1. Nf3 Nf6 2. g3 d5 3. Bg2 c6 4. O-O Bg4 5. h3 Bh5 6. d3 e6 7. Qe1 Be7 8. e4
O-O 9. Nc3 Re8 10. Nh2 dxe4 11. dxe4 e5 12. Nf3 Nfd7 13. Be3 Na6 14. Nd2 Bc5
15. Nb3 Bxe3 16. Qxe3 Qb6 17. Qxb6 axb6 18. f3 Nf8 19. Rfd1 Red8 20. Kf2 f6 21.
Bf1 Nb4 22. Bc4+ Bf7 23. Bxf7+ Kxf7 24. Rxd8 Rxd8 25. Rc1 Ne6 26. a3 Na6 27.
Rd1 Rxd1 1/2-1/2

[Event "Magyar Rapid Bajnokság"]
[Site "Ajka"]
[Date "2019.07.21"]
[Round "11.12"]
[White "Farago, Sandor"]
[Black "Popovics, Adam"]
[Result "1/2-1/2"]
[WhiteElo "2306"]
[BlackElo "2385"]
[PlyCount "121"]
[EventDate "2019.07.19"]
[EventType "swiss"]
[EventRounds "13"]
[EventCountry "HUN"]

1. e4 c5 2. Nf3 d6 3. d4 cxd4 4. Nxd4 Nf6 5. Nc3 a6 6. f3 e5 7. Nb3 Be6 8. Be3
Nbd7 9. Qd2 Be7 10. g4 b5 11. g5 b4 12. Na4 Nh5 13. O-O-O Qc7 14. Qxb4 d5 15.
Qa5 Qxa5 16. Nxa5 d4 17. Bd2 Bxa2 18. Nc6 Bd6 19. Nb4 Be6 20. Nd5 O-O 21. Kb1
f6 22. Bc4 fxg5 23. Bxg5 Kh8 24. Rhf1 h6 25. Bc1 Rf7 26. c3 Raf8 27. Be2 Bh3
28. Rg1 Nc5 29. Nxc5 Bxc5 30. Rg6 Bc8 31. cxd4 Bxd4 32. f4 Nf6 33. fxe5 Bxe5
34. Bd3 Bxh2 35. Rh1 Nxd5 36. exd5 Bf4 37. Bxf4 Rxf4 38. Rhg1 R8f7 39. Rc6 Bb7
40. Rd6 R4f6 41. Rd8+ Rf8 42. Rd7 R6f7 43. Rd6 Re7 44. Bxa6 Bxa6 45. Rxa6 Rd7
46. Rd1 h5 47. d6 h4 48. Ra4 g5 49. Rd5 Rf1+ 50. Kc2 Rf2+ 51. Kc3 Rf3+ 52. Kd2
Rg3 53. Raa5 Kh7 54. Rxg5 Rxd6+ 55. Kc2 Rxg5 56. Rxg5 h3 57. Rg1 h2 58. Rh1 Rh6
59. Kd2 Kg6 60. Ke2 Kf5 61. Kf3 1/2-1/2

[Event "Magyar Rapid Bajnokság"]
[Site "Ajka"]
[Date "2019.07.21"]
[Round "12.1"]
[White "Almasi, Zoltan"]
[Black "Aczel, Gergely"]
[Result "1/2-1/2"]
[WhiteElo "2668"]
[BlackElo "2492"]
[PlyCount "28"]
[EventDate "2019.07.19"]
[EventType "swiss"]
[EventRounds "13"]
[EventCountry "HUN"]

1. c4 e6 2. g3 d5 3. Bg2 Nf6 4. Nf3 dxc4 5. Qa4+ Bd7 6. Qxc4 c5 7. Ne5 Qc8 8.
Nxd7 Qxd7 9. b3 Nc6 10. Bb2 Be7 11. O-O O-O 12. Qc2 Nd4 13. Qd1 Rfd8 14. d3
Rac8 1/2-1/2

[Event "Magyar Rapid Bajnokság"]
[Site "Ajka"]
[Date "2019.07.21"]
[Round "13.2"]
[White "Hera, Imre Jr"]
[Black "Almasi, Zoltan"]
[Result "1/2-1/2"]
[WhiteElo "2583"]
[BlackElo "2668"]
[PlyCount "87"]
[EventDate "2019.07.19"]
[EventType "swiss"]
[EventRounds "13"]
[EventCountry "HUN"]

1. Nf3 Nf6 2. g3 d5 3. Bg2 c6 4. O-O Bf5 5. d3 e6 6. Nfd2 h6 7. e4 Bh7 8. Nc3
Be7 9. f4 O-O 10. g4 dxe4 11. dxe4 Na6 12. Qe2 Nc5 13. Kh1 Qb6 14. Nc4 Qa6 15.
b3 b5 16. Ne5 Qb7 17. Nd3 Rad8 18. Bb2 b4 19. Nxc5 Bxc5 20. Na4 Bd4 21. Rad1
Bxb2 22. Nxb2 Qc7 23. f5 Rxd1 24. Rxd1 h5 25. h3 hxg4 26. hxg4 Qg3 27. Bf3 exf5
28. exf5 g6 29. Qg2 Qxg2+ 30. Kxg2 gxf5 31. gxf5 Bxf5 32. Rd6 Nd5 33. Rxc6 Ne3+
34. Kf2 Nxc2 35. Rc7 a6 36. Ra7 Nd4 37. Rxa6 Rc8 38. Ra8 Rxa8 39. Bxa8 Bb1 40.
Ke3 Ne6 41. Bd5 Bxa2 42. Bxe6 fxe6 43. Nd3 Bxb3 44. Ke4 1/2-1/2